Stories that won't go away : (Record no. 11882)

MARC details
000 -LEADER
fixed length control field 03052nam a2200241 a 4500
003 - CONTROL NUMBER IDENTIFIER
control field PILC
005 - DATE AND TIME OF LATEST TRANSACTION
control field 20241120130723.0
008 - FIXED-LENGTH DATA ELEMENTS--GENERAL INFORMATION
fixed length control field 070223s1995 xx 00 eng d
010 ## - LIBRARY OF CONGRESS CONTROL NUMBER
LC control number Acc#29596
020 ## - INTERNATIONAL STANDARD BOOK NUMBER
International Standard Book Number 1563091127
040 ## - CATALOGING SOURCE
Transcribing agency Philippine Baptist Theological Seminary
050 ## - LIBRARY OF CONGRESS CALL NUMBER
Classification number BV 3310
Item number T834 1995
100 10 - MAIN ENTRY--PERSONAL NAME
Personal name Merrell, Betty J., jt. compiler
245 10 - TITLE STATEMENT
Title Stories that won't go away :
Remainder of title women in Vietnam, 1959-1975 /
Statement of responsibility, etc. compiled by Betty J. Merrell and Priscilla Tunnell.
260 0# - PUBLICATION, DISTRIBUTION, ETC (IMPRINT)
Place of publication, distribution, etc. Birmingham, AL :
Name of publisher, distributor, etc. New Hope,
Date of publication, distribution, etc. c1995.
300 ## - PHYSICAL DESCRIPTION
Extent 205 p. ; 22 cm.
505 ## - FORMATTED CONTENTS NOTE
Formatted contents note Our entries<br/>Are you taking your children? -- Birthday -- Hurry up and get in this house -- Managing the tones -- Making memories -- Mistakes -- Send-off -- Slide show -- Sunrise, sunset -- The call: the response -- The first Christmas -- The test -- Trials of a rookie -- Uncle Dan Whitt -- Welcome to Vietnam -- <br/><br/>Our Everydays<br/>All for a bag of cookies -- A loo, a cot, and a what? -- A move -- Angle on assignment -- Boomerang joy -- Bus fare -- Death and resurrection -- House hunt -- Interior decorating -- Learning at the feet of my sisters -- Neighboring -- New ways for new days -- Recreation or re-creation? -- Schoolteachers -- Stranger on the beach -- Street sounds -- Surprise at 45 -- The divine presence -- The fire -- The letter box -- The missionary is a mom -- The refrigerated van -- The real throne room -- He wired it together -- <br/><br/>Our labors<br/>A little child shall lead them -- And death begets life -- Christian hope -- For lack of a wall -- Friday fellowships -- Harvest at last -- Praying on Automatic -- Recovering -- Singing the good news -- The blessing -- the chain reaction -- The miracle of healing -- The miracle of partnering -- When are you going to do the rest of the story? -- 998 tongues to go -- <br/><br/>Our daughters<br/>A nine-year-old's room with a view -- Can Tho, Vietnam -- Emerging memories -- Eyes not quite round -- Identity crisis -- I have heard the dogs of war -- Journal entry -- Ka-cushes and 222s -- Recollections -- School days -- Sister two -- Street without joy -- The blue beast -- The freight -- The Sandy alleway -- They're not shooting at us -- Together -- <br/><br/>The war <br/>A holiday explodes -- A mom's prayer -- Curfew's toll -- In harm's way --Jogging in a minefield -- Letter to grandmas: unsent -- Michael's birth -- One woman's seasons -- Practicing Luke, Chapter three -- The man in black -- The protest -- The trouble with silence -- Trust -- Twist with a bias -- <br/><br/>Our exits<br/>A pillar of cloud -- Departure remembered -- Furlough -- Hurt -- If you had not come -- Innocence -- Jumping the hurdles, winning the race -- Last daze -- Our new names -- Post-Vietnam -- Reflections on a camp -- The gospel according to Mark -- The wall piece with a message -- <br/><br/>Reentry? <br/>Reunion -- Unfinished business --
650 ## - SUBJECT ADDED ENTRY--TOPICAL TERM
Topical term or geographic name as entry element WOMEN MISSIONARIES
General subdivision VIETNAM
650 ## - SUBJECT ADDED ENTRY--TOPICAL TERM
Topical term or geographic name as entry element BAPTISTS
General subdivision MISSIONS
-- VIETNAM
650 #4 - SUBJECT ADDED ENTRY--TOPICAL TERM
Topical term or geographic name as entry element VIETNAM
General subdivision DESCRIPTION AND TRAVEL
700 1# - ADDED ENTRY--PERSONAL NAME
Personal name Priscilla Tunnell, jt. compiler
942 ## - ADDED ENTRY ELEMENTS (KOHA)
Koha item type Circulation Books
Source of classification or shelving scheme Library of Congress Classification
Holdings
Withdrawn status Lost status Source of classification or shelving scheme Damaged status Not for loan Home library Current library Shelving location Date acquired Cost, normal purchase price Total Checkouts Full call number Barcode Date last seen Date last checked out Price effective from Koha item type
    Dewey Decimal Classification     PBTS Library PBTS Library Circulation Section 02/23/2007 24.00 1 BV 3310 T834 1995 28586 03/18/2026 09/17/2019 04/02/2015 Circulation Books

Philippine Baptist Theological Seminary | 19 Tacay Road, Central Guisad, Baguio City 2600, Philippines